De l'acte d'administration en droit civil français
Tallennettuna:
| Päätekijä: | |
|---|---|
| Aineistotyyppi: | Kirja |
| Kieli: | ranska |
| Julkaistu: |
París
Edouard Duchemin
1916
|
| Aiheet: | |
| Tagit: |
Lisää tagi
Ei tageja, Lisää ensimmäinen tagi!
|
MARC
| LEADER | 00000nam a2200000 a 4500 | ||
|---|---|---|---|
| 001 | UCR4261 | ||
| 003 | CL-VaPUC | ||
| 008 | 980307e19160000FR |||||||||||||||||fre|d | ||
| 082 | 0 | 4 | |a 346.44 |b BAR |2 21 |
| 100 | 0 | |a Baron, Pierre le |e author |9 404067 | |
| 245 | 1 | 0 | |a De l'acte d'administration en droit civil français |
| 300 | |a 291 p | ||
| 942 | |c BK | ||
| 945 | |d 19980307 00:00:00 |a crobeson | ||
| 260 | |a París |b Edouard Duchemin |c 1916 | ||
| 650 | 0 | |a Derecho civil |9 255013 | |
| 650 | 0 | |a Derecho privado |9 258243 | |
| 650 | 0 | |a Filosofía del derecho |9 255050 | |
| 650 | 0 | |a Jurisprudencia |9 255952 | |
| 650 | 0 | |a Teoría jurídica |9 345880 | |
| 650 | 0 | |a Dogmática jurídica |9 337910 | |
| 650 | 0 | |a Administración |9 259325 | |
| 651 | 0 | |a Francia |9 255157 | |
| 583 | |a last modification |c 19980307 00:00:00 |k Rodrigo Vera | ||
| 999 | |c 267209 |d 267207 | ||
| 952 | |0 0 |1 0 |4 0 |6 346_440000000000000_BAR_1916 |7 0 |8 X |9 299435 |a BIBDER |b BIBDER |d 2019-11-20 |i 1948660 |o 346.44 BAR 1916 |p 1948660 |r 2023-01-25 |w 2019-11-20 |y BK_X |k DER | ||